সাহিত্য সংস্কৃতি জাতীয়তা / (Record no. 41401)
[ view plain ]
| 000 -LEADER | |
|---|---|
| fixed length control field | 00889nam a2200229 a 4500 |
| 001 - CONTROL NUMBER | |
| control field | 41401 |
| 003 - CONTROL NUMBER IDENTIFIER | |
| rucl marc code | BD-RjUL |
| 005 - DATE AND TIME OF LATEST TRANSACTION | |
| control field | 20211209053400.0 |
| 008 - FIXED-LENGTH DATA ELEMENTS--GENERAL INFORMATION | |
| fixed length control field | 160530s1967 bg ||||| |||| 00| e ben d |
| 020 ## - INTERNATIONAL STANDARD BOOK NUMBER | |
| Terms of availability | IRs. 6.00 |
| 035 ## - SYSTEM CONTROL NUMBER | |
| System control number | (BD-RjUL)41518 |
| 040 ## - CATALOGING SOURCE | |
| Original cataloging agency | BD-RjUL |
| Language of cataloging | ben |
| Transcribing agency | BD-RjUL |
| Modifying agency | BD-RjUL |
| 041 ## - LANGUAGE CODE | |
| Language code of text/sound track or separate title | ben |
| 082 ## - DEWEY DECIMAL CLASSIFICATION NUMBER | |
| Edition number | 23 |
| Classification number | 891.444 |
| Author mark and year | ULS 1967 |
| 100 ## - MAIN ENTRY--PERSONAL NAME | |
| Personal name | উল্লাহ্, মোহাম্মদ মাহফুজ |
| 9 (RLIN) | 127288 |
| 245 10 - TITLE STATEMENT | |
| Title | সাহিত্য সংস্কৃতি জাতীয়তা / |
| Statement of responsibility, etc. | মোহাম্মদ মাহফুজ উল্লাহ্ |
| 260 ## - PUBLICATION, DISTRIBUTION, ETC. (IMPRINT) | |
| Place of publication, distribution, etc. | ঢাকা : |
| Name of publisher, distributor, etc. | আহমদ পাবলিশিং হাউস, |
| Date of publication, distribution, etc. | ১৯৬৭ (১৩৭৪) |
| 300 ## - PHYSICAL DESCRIPTION | |
| Pagination | [৮], ২৭২ পৃ. ; |
| Size | ২৩ সেমি. |
| 650 ## - SUBJECT ADDED ENTRY--TOPICAL TERM | |
| Topical term or geographic name as entry element | বাংলা প্রবন্ধ |
| 9 (RLIN) | 127289 |
| Topical term or geographic name as entry element | Bengali Essays |
| 9 (RLIN) | 127290 |
| 942 ## - ADDED ENTRY ELEMENTS (KOHA) | |
| Source of classification or shelving scheme | Dewey Decimal Classification |
| Koha item type | Books |
| Lost status | Source of classification or shelving scheme | Damaged status | Not for loan | Collection code | Permanent Location | Current Location | Shelving location | Date acquired | Source of acquisition | Cost, normal purchase price | Total Checkouts | Full call number | Date last seen | Copy number | Koha item type |
|---|---|---|---|---|---|---|---|---|---|---|---|---|---|---|---|
| Dewey Decimal Classification | Not For Loan | Non-fiction | Central Library, University of Rajshahi | Central Library, University of Rajshahi | Reading Room | 14/06/1968 | Nawroge | 6.00 | B 891.444 ULS 1967 | 30/05/2016 | C-1 | Books | |||
| Dewey Decimal Classification | Non-fiction | Central Library, University of Rajshahi | Central Library, University of Rajshahi | 16/06/1968 | Nawroge | 6.00 | B891.444 ULS 1967 | 14/07/2016 | C-2 | Books | |||||
| Dewey Decimal Classification | Non-fiction | Central Library, University of Rajshahi | Central Library, University of Rajshahi | 14/09/1968 | Nowrose | 6.00 | B 891.444 ULS 1967 | 29/10/2018 | C-3 | Books |